BSOP header

Palestianian parties and politics that shaped the Old Testament / (Record no. 13501)

MARC details
000 -LEADER
fixed length control field 00605nam a2200181 4500
008 - FIXED-LENGTH DATA ELEMENTS--GENERAL INFORMATION
fixed length control field 021213s1987 us eng
020 ## - INTERNATIONAL STANDARD BOOK NUMBER
International Standard Book Number 033402238X
090 ## - LOCALLY ASSIGNED LC-TYPE CALL NUMBER (OCLC); LOCAL CALL NUMBER (OCLC)
Classification number (OCLC) (R) ; Classification number, CALL (RLIN) (NR) BS1197
Local cutter number (OCLC) ; Book number/undivided call number, CALL (RLIN) Sm6p
100 1# - MAIN ENTRY--PERSONAL NAME
Personal name Smith, Morton
245 10 - TITLE STATEMENT
Title Palestianian parties and politics that shaped the Old Testament /
Statement of responsibility, etc Morton Smith.
250 ## - EDITION STATEMENT
Edition statement 2nd corrected ed.
260 ## - PUBLICATION, DISTRIBUTION, ETC. (IMPRINT)
Place of publication, distribution, etc London :
Name of publisher, distributor, etc SCM Press,
Date of publication, distribution, etc c1987.
300 ## - PHYSICAL DESCRIPTION
Extent 277 p.
650 #4 - SUBJECT ADDED ENTRY--TOPICAL TERM
Topical term or geographic name as entry element Bible. O.T.
General subdivision History of contemporary events.
651 #4 - SUBJECT ADDED ENTRY--GEOGRAPHIC NAME
Geographic name Israel
General subdivision History
Chronological subdivision To 70 A.D.
951 ## - EQUIVALENCE OR CROSS-REFERENCE-GEOGRAPHIC NAME/AREA NAME [OBSOLETE] [CAN/MARC only]
General subdivision 00002858
950 0# - LOCAL HOLDINGS (RLIN)
-- 2.95/19.95
951 ## - EQUIVALENCE OR CROSS-REFERENCE-GEOGRAPHIC NAME/AREA NAME [OBSOLETE] [CAN/MARC only]
-- 14339
-- BS1197/Sm6p
-- 070613111157968
-- 2000-12-21
-- GC
Holdings
Withdrawn status Lost status Damaged status Not for loan Home library Current library Shelving location Date acquired Accession number Shelving control number Total Checkouts Full call number Barcode Date last seen Price effective from Koha item type
        BSOP Library BSOP Library GC 12/21/2000 14339 127   BS1197/Sm6p 00002858 02/23/2013 02/23/2013 Books
BSOP

Biblical Seminary of the Philippines
  All rights Reserved
  © 2024

CONTACT INFORMATION

Biblical Seminary of the Philippines,
  77-B Karuhatan Road, Valenzuela City,
  PHILIPPINES 1441
  Phone: +632 8292-6795 / 8292-6798
  Fax : +632 8292-6675
  Email: library@bsop.edu.ph